LEADER 00945nam0 2200361 450 001 9910592497903321 005 20221117090507.0 035 $a000043616 035 $aFED01000043616 035 $a(Aleph)000043616FED01 035 $a000043616 100 $a20220926d1964----km y0itay50 ba 101 0 $aita 102 $aIT 105 $aa 001yyy 200 1 $a<>libro del fotocolore$fOscar F. Ghedina 205 $a2 ed. 210 $aMilano$cUlrico Hoepli$dc1964 215 $axi, 364 p.$c97 ill.$d19 cm 610 0 $aFotocolore 610 0 $aLa fotografia a colori 676 $a778.6$v22$zita 700 1$aGhedina,$bOscar F.$024582 801 0$aIT$bUNINA$gRICA$2UNIMARC 901 $aBK 912 $a9910592497903321 952 $a08 DD 30$b0893$fDINED 952 $aCISME-778.6-GHE-1$b351$fSC1 959 $aDINED 959 $aSC1 996 $aLibro del fotocolore$9327392 997 $aUNINA DB $aING01 LEADER 01811nas 2200649-a 450 001 996251315903316 005 20230817213016.0 011 $a1558-688X 035 $a(DE-599)ZDB2066876-4 035 $a(OCoLC)60652542 035 $a(CKB)954925432373 035 $a(CONSER)--2005214091 035 $a(EXLCZ)99954925432373 100 $a20050616a19559999 s-- a 101 0 $aeng 135 $aurun||||||||| 181 $ctxt$2rdacontent 182 $cc$2rdamedia 183 $acr$2rdacarrier 200 00$aPerceptual and motor skills 210 $aMissoula, Mont. $cAmmons Scientific 210 31$a[Thousand Oaks, Calif.] :$cSage Publications 215 $a1 online resource (volumes) 300 $aRefereed/Peer-reviewed 311 $a0031-5125 531 $aPERCEPT MOTOR SKILL 531 $aPERCEPTUAL & MOTOR SKILLS 531 $aPERCEPT MOT SKILLS 531 $aPERCEPT. MOT. SKILLS 606 $aPerception$vPeriodicals 606 $aMotor ability$vPeriodicals 606 $aMotor Skills 606 $aPerception 606 $aPsychology 606 $aMotor ability$2fast$3(OCoLC)fst01027564 606 $aPerception$2fast$3(OCoLC)fst01057622 608 $aPeriodicals. 608 $aPeriodicals.$2fast 610 $aJOURNAL 610 $aPHYSICAL EDUCATION 610 $aPE 610 $aMOVEMENT 610 $aHUMAN MOVEMENT 610 $aSPORT 615 0$aPerception 615 0$aMotor ability 615 2$aMotor Skills. 615 2$aPerception. 615 2$aPsychology. 615 7$aMotor ability. 615 7$aPerception. 676 $a152 712 02$aUniversity of Louisville.$bDepartment of Psychology. 906 $aJOURNAL 912 $a996251315903316 996 $aPerceptual and motor skills$91412085 997 $aUNISA